000
00403nam a22001217a 4500
040
_c
RUA
082
_a
A225 ប្រាជ្ញ 2018 C160 Or.1
100
_a
ប្រាជ្ញ វិជ័យ
245
_a
The Jew Secret, អាថ៌កំបាំងរបស់ជ្វីហ្វ
260
_a
PHNOM PENh
_b
RUA
_c
2018
300
_a
178p.
_b
ill.
_c
22cm.
942
_c
អភិវឌ្ឍន៍
999
_c
25673
_d
25673